000 00364nam a2200145Ia 4500
008 090124s9999 xx 000 0 und d
082 _b301440
245 _a निष्णात
250 _a1
260 _bवैद्य सुरेश.
_c1985
300 _a290
630 _a निष्णात
730 _a निष्णात
942 _cBOOK
999 _c191015
_d191015